[Event "Doeberl Cup Premier 50th"]
[Site "Canberra"]
[Date "2012.04.08"]
[Round "9"]
[White "Champion, Patrick"]
[Black "Markovitz, Neil"]
[Result "0-1"]
[WhiteElo "1962"]
[BlackElo "2059"]
[PlyCount "96"]
[EventDate "2012.04.05"]
[EventType "swiss"]
[EventRounds "9"]
[EventCountry "AUS"]
[SourceTitle "EXT 2023"]
[Source "ChessBase"]
[SourceDate "2022.10.05"]
[SourceVersion "1"]
[SourceVersionDate "2022.10.05"]
[SourceQuality "1"]

1. e4 c5 2. Nf3 g6 3. d4 cxd4 4. Qxd4 Nf6 5. e5 Nc6 6. Qa4 Nd5 7. Qe4 Nb6 8. Nc3 d5 9. exd6 Bf5 10. Qe2 Qxd6 11. Nb5 Qb8 12. c3 Bg7 13. Nbd4 Nxd4 14. Nxd4 Bd7 15. g3 0-0 16. Bg2 e5 17. Nb3 Be6 18. Nc5 Bc4 19. Qc2 Qc7 20. b4 Nd5 21. Qe4 b5 22. Bb2 f5 23. Qxc4 bxc4 24. Bxd5+ Kh8 25. Bxc4 Rfd8 26. Bb3 Qc6 27. 0-0 Rd2 28. Bc1 Rd6 29. Be3 Rad8 30. a4 Qf3 31. Ne6 R8d7 32. Bc5 Rd3 33. Ng5 Qb7 34. Be6 h6 35. Nh3 Rd8 36. Rac1 Qf3 37. c4 g5 38. Bxa7 g4 39. Ng5 hxg5 40. c5 Rd1 41. b5 f4 42. Bc4 Rxc1 43. Rxc1 Rd1+ 44. Rxd1 Qxd1+ 45. Bf1 Qxa4 46. Bb6 e4 47. c6 Qc2 48. c7 Be5 0-1

[Event "Doeberl Cup 50th"]
[Site "Canberra"]
[Date "2012.04.08"]
[Round "7"]
[White "Markovitz, Neil"]
[Black "Sandler, Leonid"]
[Result "0-1"]
[WhiteElo "2059"]
[BlackElo "2284"]
[PlyCount "42"]
[EventDate "2012.04.05"]
[EventType "swiss"]
[EventRounds "9"]
[EventCountry "AUS"]
[SourceTitle "CBM 147 Extra"]
[Source "ChessBase"]
[SourceDate "2012.04.24"]
[SourceVersion "1"]
[SourceVersionDate "2012.04.24"]
[SourceQuality "1"]

1. Nf3 Nf6 2. c4 e6 3. g3 b6 4. Bg2 Bb7 5. 0-0 Be7 6. Nc3 0-0 7. d4 Ne4 8. Qd3 Nxc3 9. Qxc3 c5 10. Rd1 Bf6 11. Qb3 Na6 12. d5 exd5 13. cxd5 Re8 14. Qc4 d6 15. e4 Qd7 16. a4 Nb4 17. e5 Bxe5 18. Nxe5 Rxe5 19. Bf4 Ree8 20. Re1 Ba6 21. Rxe8+ Rxe8 0-1

[Event "Doeberl Cup Premier 50th"]
[Site "Canberra"]
[Date "2012.04.05"]
[Round "2"]
[White "Markovitz, Neil"]
[Black "Selnes, Hamish"]
[Result "1/2-1/2"]
[WhiteElo "2059"]
[BlackElo "1912"]
[PlyCount "48"]
[EventDate "2012.04.05"]
[EventType "swiss"]
[EventRounds "9"]
[EventCountry "AUS"]
[SourceTitle "EXT 2023"]
[Source "ChessBase"]
[SourceDate "2022.10.05"]
[SourceVersion "1"]
[SourceVersionDate "2022.10.05"]
[SourceQuality "1"]

1. Nf3 d5 2. c4 e6 3. g3 Nf6 4. Bg2 Be7 5. 0-0 0-0 6. d4 dxc4 7. Qc2 a6 8. Qxc4 b5 9. Qc2 Bb7 10. Bg5 Nbd7 11. Bxf6 Nxf6 12. Nbd2 Rc8 13. Nb3 Be4 14. Qc1 c5 15. dxc5 Qc7 16. a4 Bxc5 17. axb5 axb5 18. Qxc5 Qxc5 19. Nxc5 Rxc5 20. Nd4 Bxg2 21. Kxg2 e5 22. b4 Rc4 23. Nxb5 Rxb4 24. Rfb1 Rxb1 1/2-1/2

[Event "Queenstown op"]
[Site "Queenstown"]
[Date "2009.01.18"]
[Round "4"]
[White "Markovitz, Neil"]
[Black "Gao, Judy"]
[Result "1-0"]
[WhiteElo "2015"]
[BlackElo "1911"]
[PlyCount "77"]
[EventDate "2009.01.15"]
[EventType "swiss"]
[EventRounds "10"]
[EventCountry "NZL"]
[SourceTitle "CBM 128 Extra"]
[Source "ChessBase"]
[SourceDate "2009.03.05"]
[SourceVersion "2"]
[SourceVersionDate "2009.03.25"]
[SourceQuality "1"]

1. Nf3 f5 2. g3 Nf6 3. Bg2 g6 4. b4 d6 5. c4 Bg7 6. Bb2 e5 7. d3 0-0 8. 0-0 Na6 9. Qb3 Kh8 10. Nc3 c6 11. a4 Qe7 12. Nd2 Bd7 13. b5 Nc5 14. Qc2 f4 15. Nde4 Rac8 16. Nxc5 dxc5 17. Ne4 Nxe4 18. Bxe4 Bh3 19. bxc6 bxc6 20. Bg2 Bxg2 21. Kxg2 Rb8 22. Rab1 fxg3 23. hxg3 Kg8 24. Bc3 e4 25. Bxg7 exd3 26. Qxd3 Kxg7 27. Rh1 Rb4 28. Rh4 Rxb1 29. Qxb1 Qxe2 30. Qb7+ Rf7 31. Rxh7+ Kxh7 32. Qxf7+ Kh6 33. Qf8+ Kh7 34. Qxc5 Qe4+ 35. Kh2 Kg8 36. Qxa7 Qxc4 37. a5 c5 38. Qb7 Qd4 39. Kg2 1-0

[Event "Queenstown op"]
[Site "Queenstown"]
[Date "2009.01.17"]
[Round "3"]
[White "Ivanov, Nikola"]
[Black "Markovitz, Neil"]
[Result "0-1"]
[WhiteElo "1795"]
[BlackElo "2015"]
[PlyCount "97"]
[EventDate "2009.01.15"]
[EventType "swiss"]
[EventRounds "10"]
[EventCountry "NZL"]
[SourceTitle "CBM 128 Extra"]
[Source "ChessBase"]
[SourceDate "2009.03.05"]
[SourceVersion "2"]
[SourceVersionDate "2009.03.25"]
[SourceQuality "1"]

1. f4 c5 2. Nf3 Nc6 3. e3 g6 4. Be2 Bg7 5. 0-0 Nf6 6. c3 0-0 7. Na3 d6 8. Nc2 Qb6 9. d4 cxd4 10. exd4 e5 11. fxe5 dxe5 12. Bc4 Bg4 13. h3 Bxf3 14. Rxf3 exd4 15. cxd4 Ne5 16. Rb3 Qd8 17. Be2 Ned7 18. Rxb7 Nb6 19. Bf3 Nfd5 20. Bxd5 Qxd5 21. Qf3 Qc4 22. Qb3 Qxb3 23. axb3 Rac8 24. Ne1 Bxd4+ 25. Kf1 Nd5 26. Nf3 Bb6 27. Bh6 Rfe8 28. Re1 Ne3+ 29. Bxe3 Bxe3 30. Rb5 Rc2 31. Re5 Rf2+ 32. Kg1 Rxf3+ 33. Kh1 Rxe5 34. gxf3 Bd4 35. Rd1 Bb6 36. Kg2 Re2+ 37. Kg3 Rxb2 38. Rd3 Kg7 39. Kf4 Rh2 40. Kg3 Bc7+ 41. f4 Rh1 42. Kg2 Rc1 43. Kf3 Ba5 44. Ke4 Rc3 45. Kd4 Rxd3+ 46. Kxd3 Kf6 47. Ke4 Bb4 48. f5 g5 49. h4 0-1